[Event "Norway Chess"]
[Site "Stavanger NOR"]
[Date "2020.10.13"]
[EventDate "2020.10.05"]
[Round "8.3"]
[Result "1/2-1/2"]
[White "Levon Aronian"]
[Black "Jan-Krzysztof Duda"]
[WhiteElo "2767"]
[BlackElo "2757"]
[PlyCount "59"]

1. e4 c5 2. Nf3 g6 3. c4 Nc6 4. d4 cxd4 5. Nxd4 Nf6 6. Nc3
Nxd4 7. Qxd4 d6 8. Be3 Bg7 9. f3 O-O 10. Qd2 Be6 11. Rc1 Qa5
12. b3 Rfc8 13. Be2 a6 14. Na4 Qxd2+ 15. Kxd2 Nd7 16. g4 Rcb8
17. Nc3 b5 18. Nd5 Bxd5 19. cxd5 Nc5 20. g5 Bb2 21. Rc2 Ba3
22. Rb1 a5 23. Kd1 Na6 24. Bf1 Nb4 25. Rd2 Rb7 26. f4 Na6
27. Rc2 Nb4 28. Rd2 Na6 29. Rc2 Nb4 30. Rd2 1/2-1/2

[Event "Norway Chess"]
[Site "Stavanger NOR"]
[Date "2020.10.13"]
[EventDate "2020.10.05"]
[Round "8.3"]
[Result "0-1"]
[White "Levon Aronian"]
[Black "Jan-Krzysztof Duda"]
[WhiteElo "2767"]
[BlackElo "2757"]
[PlyCount "142"]

1. e4 e6 2. d4 d5 3. Nc3 dxe4 4. Nxe4 Bd7 5. Nf3 Bc6 6. Bd3
Nd7 7. O-O Ngf6 8. Ng3 g6 9. b3 Bg7 10. Ba3 Bf8 11. Bxf8 Kxf8
12. Re1 Bxf3 13. Qxf3 c6 14. c3 Kg7 15. Rad1 a5 16. Nf1 Qc7
17. Ne3 Rhe8 18. g4 Nd5 19. c4 Qf4 20. Qg3 Qxg3+ 21. hxg3 Nxe3
22. Rxe3 h6 23. Be2 Nf6 24. f4 Red8 25. Kf2 Rd6 26. Bf3 Rad8
27. Red3 b6 28. Ke3 c5 29. a3 Kf8 30. b4 axb4 31. axb4 cxd4+
32. Rxd4 Rxd4 33. Rxd4 Ke7 34. Rxd8 Kxd8 35. Kd4 g5 36. Ke5
Ke7 37. f5 Nd7+ 38. Kd4 Kd6 39. fxe6 fxe6 40. Bd1 e5+ 41. Ke4
Ke6 42. Bc2 Nf6+ 43. Kf3 Kd6 44. Be4 Nd7 45. Bf5 Nf6 46. Ke3
Kc6 47. Kd3 Kd6 48. Ke3 Kc6 49. Be4+ Kd6 50. Bf3 Nd7 51. Ke4
Ke6 52. Kd3 Kd6 53. Bb7 Nf6 54. Bc8 Kc7 55. Bf5 Kd6 56. Kc3
Kc6 57. Kc2 h5 58. gxh5 Nxh5 59. g4 Nf6 60. Kb3 Kd6 61. Ka4
Kc6 62. Kb3 Kd6 63. Ka3 Kc6 64. Ka4 Kc7 65. Kb5 e4 66. Ka6 e3
67. Bd3 Nxg4 68. Be2 Ne5 69. c5 bxc5 70. b5 Nd7 71. Bg4 Nb6
0-1

[Event "Norway Chess"]
[Site "Stavanger NOR"]
[Date "2020.10.15"]
[EventDate "2020.10.05"]
[Round "9.3"]
[Result "1/2-1/2"]
[White "Jan-Krzysztof Duda"]
[Black "Fabiano Caruana"]
[WhiteElo "2757"]
[BlackElo "2828"]
[PlyCount "126"]

1. e4 c5 2. Nf3 e6 3. d4 cxd4 4. Nxd4 Nc6 5. Nc3 Qc7 6. Be3 a6
7. Qd2 Nf6 8. f3 b5 9. Nxc6 dxc6 10. Qf2 Be7 11. a4 O-O
12. Be2 Rb8 13. O-O e5 14. Rfd1 Be6 15. axb5 axb5 16. Ra7 Rb7
17. Ra6 Nd7 18. Bf1 Rc8 19. g3 Qd8 20. h4 Qf8 21. Kh2 h6
22. Rda1 Nc5 23. Ra7 Rcb8 24. Nd1 Rd8 25. Rxb7 Nxb7 26. Qe1
Nd6 27. Bc5 Nc4 28. Bxe7 Qxe7 29. Bxc4 bxc4 30. Ne3 Qc5
31. Kg2 Kh7 32. Qc3 Rd4 33. Kf2 Qb6 34. Ke2 c5 35. Ra8 Bd7
36. Qa3 Qg6 37. c3 Rxe4 38. fxe4 Qxe4 39. Qxc5 Qxa8 40. Qxc4
Be6 41. Qd3+ Kg8 42. Qd6 Qa1 43. Qxe5 Qxb2+ 44. Kd3 Ba2
45. Qe8+ Kh7 46. Qe4+ g6 47. Qe5 h5 48. Kd4 Be6 49. Kc5 Qb7
50. c4 Qa7+ 51. Kb4 Qb6+ 52. Kc3 Qb1 53. Qf4 Qa1+ 54. Kb4 Qb2+
55. Kc5 Qa3+ 56. Kd4 Qa7+ 57. Kd3 Qc5 58. Kc3 Qa3+ 59. Kd4
Qa7+ 60. Kd3 Qa5 61. Kd4 Qd2+ 62. Kc5 Qa5+ 63. Kd4 Qd2+
1/2-1/2

[Event "Norway Chess"]
[Site "Stavanger NOR"]
[Date "2020.10.15"]
[EventDate "2020.10.05"]
[Round "9.3"]
[Result "0-1"]
[White "Jan-Krzysztof Duda"]
[Black "Fabiano Caruana"]
[WhiteElo "2757"]
[BlackElo "2828"]
[PlyCount "60"]

1. Nf3 d5 2. c4 d4 3. b4 c5 4. bxc5 Nc6 5. Ba3 e5 6. d3 Nf6
7. g3 e4 8. dxe4 Nxe4 9. Bg2 Bxc5 10. Bxc5 Nxc5 11. O-O O-O
12. Nbd2 Re8 13. Re1 Bf5 14. Qc1 Qd6 15. Qa3 Rad8 16. h3 h6
17. Nh4 Bh7 18. Rac1 b6 19. Bd5 Re7 20. Ndf3 Qf6 21. Rcd1 Be4
22. Bxe4 Nxe4 23. Ng2 g5 24. Rd3 Nc5 25. Rd2 Ne4 26. Rc2 d3
27. Rb2 Nd4 28. Ne3 dxe2 29. Ng4 Nxf3+ 30. Kh1 Nxf2+ 0-1

[Event "Norway Chess"]
[Site "Stavanger NOR"]
[Date "2020.10.16"]
[EventDate "2020.10.05"]
[Round "10.2"]
[Result "1-0"]
[White "Alireza Firouzja"]
[Black "Jan-Krzysztof Duda"]
[WhiteElo "2728"]
[BlackElo "2757"]
[PlyCount "77"]

1. Nf3 d5 2. g3 g6 3. Bg2 Bg7 4. d4 Nf6 5. O-O O-O 6. c4 c6
7. b3 dxc4 8. bxc4 c5 9. Bb2 cxd4 10. Nxd4 Qb6 11. Qc1 Bd7
12. Nd2 Nc6 13. Nc2 Rac8 14. Bc3 Qa6 15. Qb2 Nh5 16. Bxg7 Nxg7
17. Ne3 Be6 18. Nd5 Rfe8 19. Rfc1 Na5 20. e3 Nf5 21. e4 Ng7
22. Qa3 Nc6 23. Qxa6 bxa6 24. f4 Kf8 25. Kf2 Red8 26. Rab1 Ne8
27. Ke3 f6 28. a3 Bf7 29. Bh3 e6 30. Nb4 a5 31. Nxc6 Rxc6
32. c5 Nc7 33. Bf1 e5 34. fxe5 fxe5 35. Nf3 Be8 36. Rb7 Ne6
37. Rxa7 Nxc5 38. Nxe5 Rf6 39. Ng4 1-0

[Event "Skilling Open"]
[Site "chess24.com INT"]
[Date "2020.11.24"]
[EventDate "2020.11.22"]
[Round "11.8"]
[Result "1-0"]
[White "Levon Aronian"]
[Black "Jan-Krzysztof Duda"]
[WhiteElo "2781"]
[BlackElo "2743"]
[PlyCount "69"]

1. e4 e5 2. Bc4 Nf6 3. d3 c6 4. Nf3 d5 5. Bb3 a5 6. a4 Bb4+
7. c3 Bd6 8. exd5 cxd5 9. Bg5 Be6 10. Na3 Nc6 11. Nb5 Bb8
12. O-O O-O 13. Re1 h6 14. Bh4 g5 15. Bg3 Bg4 16. h3 Bh5
17. Re3 Kg7 18. Rc1 Ng8 19. d4 e4 20. Bxb8 Rxb8 21. g4 Bg6
22. Ne5 Bh7 23. c4 dxc4 24. Nxc4 Nf6 25. Ncd6 Nb4 26. d5 Qb6
27. Rc7 Nd3 28. Qc2 Bg6 29. Qc3 Rfd8 30. Nc4 Qa6 31. d6 Nf4
32. Ne5 Rxd6 33. Nxf7 Bxf7 34. Rxf7+ Kg6 35. Qc7 1-0

[Event "Tata Steel"]
[Site "Wijk aan Zee NED"]
[Date "2021.01.21"]
[EventDate "2021.01.15"]
[Round "5"]
[Result "1/2-1/2"]
[White "Radoslaw Wojtaszek"]
[Black "Jan-Krzysztof Duda"]
[WhiteElo "2705"]
[BlackElo "2743"]
[PlyCount "54"]

1. d4 Nf6 2. c4 e6 3. Nf3 d5 4. Nc3 c5 5. cxd5 Nxd5 6. e4 Nxc3
7. bxc3 cxd4 8. cxd4 Bb4+ 9. Bd2 Bxd2+ 10. Qxd2 O-O 11. Bc4
Nc6 12. O-O b6 13. Rad1 Bb7 14. Qf4 Qf6 15. Qg4 Rfd8 16. d5
exd5 17. Bxd5 Ne5 18. Nxe5 Bxd5 19. Rxd5 Rxd5 20. exd5 Qxe5
21. Qd7 Qe8 22. Qc7 Qb8 23. Qe7 Qf8 24. Qb7 Qc8 25. Qe7 Qf8
26. Qb7 Qc8 27. Qe7 Qf8 1/2-1/2

[Event "Tata Steel Masters"]
[Site "Wijk aan Zee NED"]
[Date "2021.01.22"]
[EventDate "2021.01.15"]
[Round "6"]
[Result "1/2-1/2"]
[White "Jan-Krzysztof Duda"]
[Black "Magnus Carlsen"]
[WhiteElo "2743"]
[BlackElo "2862"]
[PlyCount "101"]

1. e4 e5 2. Nf3 Nc6 3. Bc4 Nf6 4. d3 Bc5 5. O-O d6 6. c3 a5
7. Re1 O-O 8. Nbd2 Ba7 9. Nf1 Be6 10. Bb5 Ne7 11. Ng3 Ng6
12. h3 c6 13. Ba4 d5 14. exd5 Nxd5 15. d4 exd4 16. Nxd4 Qc7
17. Qf3 Bxd4 18. cxd4 Qb6 19. Rd1 Rad8 20. Bb3 Nc7 21. Nf5
Bxb3 22. axb3 Qb5 23. h4 h5 24. Bd2 b6 25. Bg5 f6 26. Bh6 Rf7
27. Qxh5 Ne7 28. Nxe7+ Rxe7 29. Qxb5 cxb5 30. Bd2 Re4 31. d5
Nxd5 32. Be3 Rd7 33. g3 Ree7 34. Bd4 Re6 35. Rac1 Red6 36. Re1
Nb4 37. Rc8+ Kf7 38. Be3 Nd5 39. Rb8 b4 40. Kf1 Kg6 41. g4
Nxe3+ 42. Rxe3 Rd4 43. g5 f5 44. Rh8 Re4 45. Ke2 Rxe3+
46. Kxe3 Re7+ 47. Kd3 Rd7+ 48. Ke3 Re7+ 49. Kd3 Rd7+ 50. Ke3
Re7+ 51. Kd3 1/2-1/2